000 00639nam a2200241 a 4500
999 _c6721
_d6721
001 6721
003 BD-JhCC
005 20180129095039.0
008 180129s1977 bg |||| || | 000 0 eng d
035 _a(BD-JhCC)6721
040 _aBD-JhCC
_dBD-JhCC
041 _aeng
082 _a909
_bAZI 1977
100 _aAziz, M. A.
245 _aThe World At A Glance /
_c M. A. Aziz, Ahmed Anisur Rahman and Ishtiaq Hossain
260 _aDacca :
_bNur Jahan Begum,
_c1977
300 _a184 p. :
_c22 cm.
650 _aWorld History
700 _aRahman, Ahmed Anisur
700 _aHossain, Ishtiaq
942 _2ddc
_cBK